Speeches : (Record no. 592972)
[ view plain ]
| 000 -LEADER | |
|---|---|
| fixed length control field | 00703nam a22001817a 4500 |
| 003 - CONTROL NUMBER IDENTIFIER | |
| control field | NUST |
| 005 - DATE AND TIME OF LATEST TRANSACTION | |
| control field | 20230123110346.0 |
| 008 - FIXED-LENGTH DATA ELEMENTS--GENERAL INFORMATION | |
| fixed length control field | 230123b ||||| |||| 00| 0 eng d |
| 020 ## - INTERNATIONAL STANDARD BOOK NUMBER | |
| International Standard Book Number | 9780753730119 |
| 082 ## - DEWEY DECIMAL CLASSIFICATION NUMBER | |
| Classification number | 808.85,MAN |
| 100 ## - MAIN ENTRY--PERSONAL NAME | |
| Personal name | Mandela, Nelson |
| 9 (RLIN) | 9193 |
| 245 ## - TITLE STATEMENT | |
| Title | Speeches : |
| Remainder of title | that changed the world / |
| Statement of responsibility, etc. | Nelson Mandela, |
| 260 ## - PUBLICATION, DISTRIBUTION, ETC. | |
| Place of publication, distribution, etc. | Malaysia |
| Name of publisher, distributor, etc. | Samantha Warrington |
| Date of publication, distribution, etc. | 2015 |
| 300 ## - PHYSICAL DESCRIPTION | |
| Extent | 191 p |
| 505 ## - FORMATTED CONTENTS NOTE | |
| Formatted contents note | Introduction (Page--6), Acient history (Page-8), Love (Page-31), Religon (Page-49), Science (Page-72), Pateiotism (Page-86), Philosophy (Page-100), Humanity and liberty (Page-105), Sport (Page-141), Politcs (Page-145), War (Page-159). |
| 650 ## - SUBJECT ADDED ENTRY--TOPICAL TERM | |
| Topical term or geographic name entry element | Speeches |
| 9 (RLIN) | 19181 |
| 942 ## - ADDED ENTRY ELEMENTS (KOHA) | |
| Source of classification or shelving scheme | |
| Koha item type | Book |
| Withdrawn status | Lost status | Source of classification or shelving scheme | Damaged status | Not for loan | Permanent Location | Current Location | Shelving location | Date acquired | Total Checkouts | Full call number | Barcode | Date last seen | Price effective from | Koha item type | Public note |
|---|---|---|---|---|---|---|---|---|---|---|---|---|---|---|---|
| Military College of Signals (MCS) | Military College of Signals (MCS) | General Stacks | 01/23/2023 | 808.85,MAN | MCS37635 | 01/23/2023 | 01/23/2023 | Book | Almirah No.57, Shelf No.3 |
